000 00432nam a2200169Ia 4500
005 20251020182607.0
008 200515s9999 xx 000 0 und d
082 _aSC/516.2:625.1/.7/S23
100 _aSARRAZIN, O.OBERBECK, H.
245 0 _aManual de replanteo de curvas con y sin arcos de enlace
250 _a7a ed.
260 _aBarcelona
260 _c1974
300 _a304
650 _aREPLANTEO DE CURVAS
942 _cLIB
999 _c3236
_d3236